000 00638nam a2200205 i 4500
003 IT-RoINE
005 20230417100638.0
008 910101s1935 sp r ||spa d
040 _aSpMaBN
_cA2 IT-RoINE
_dIT-RoINE
100 1 _aAzaña, Manuel,
_d1880-1940
_93174
245 1 0 _aMi rebelión en Barcelona /
_cManuel Azaña.
250 _a2ª ed.
260 _aBilbao [etc.] :
_bEspasa-Calpe,
_c1935.
300 _a358 p. ;
_c20 cm.
336 _2rdacontent
_atext
337 _2rdamedia
_aunmediated
338 _2rdacarrier
_avolume
651 4 _aEspaña
_xHistoria
_y1931-1939 (II República)
_vRelatos personales
_918151
942 _cMTS
999 _c34635
_d34635